000
00331nam a22001457a 4500
020
_a
93-86440-89-X
082
_a
894.812.3
_b
ASH/K
100
_a
ASHTAMOORTHY
245
_a
MALAYALATHINTE ESHTA KATHAKAL
_b
KATHANAVAKAM
260
_a
THRISSUR
_b
GREEN BOOKS
_c
2017
300
_a
88
520
_a
NOVEL
650
_a
NOVEL
942
_c
BK
999
_c
4811
_d
4811